Are mobile offenders less likely to be caught?: the influence of the geographical dispersion of serial offenders' crime locations on their probability of arrest

Guardado en:  
Detalles Bibliográficos
Autores principales: Lammers, Marre (Autor) ; Bernasco, Wim 1961- (Autor)
Tipo de documento: Print Artículo
Lenguaje:Inglés
Publicado: 2013
En: European journal of criminology
Año: 2013, Volumen: 10, Número: 2, Páginas: [168]-186
Verificar disponibilidad: HBZ Gateway
Palabras clave:

MARC

LEADER 00000caa a2200000 c 4500
001 1631994093
003 DE-627
005 20220607131801.0
007 tu
008 130523s2013 xx ||||| 00| ||eng c
035 |a (DE-627)1631994093 
035 |a (DE-576)382592123 
035 |a (DE-599)BSZ382592123 
040 |a DE-627  |b ger  |c DE-627  |e rakwb 
041 |a eng 
100 1 |a Lammers, Marre  |0 (DE-588)1211047407  |0 (DE-627)1698922329  |0 (DE-576)38259200X  |4 aut 
109 |a Lammers, Marre 
245 1 0 |a Are mobile offenders less likely to be caught?  |b the influence of the geographical dispersion of serial offenders' crime locations on their probability of arrest  |c Marre Lammers; Wim Bernasco 
264 1 |c 2013 
336 |a Text  |b txt  |2 rdacontent 
337 |a ohne Hilfsmittel zu benutzen  |b n  |2 rdamedia 
338 |a Band  |b nc  |2 rdacarrier 
700 1 |a Bernasco, Wim  |d 1961-  |0 (DE-588)141339314  |0 (DE-627)703951416  |0 (DE-576)176006451  |4 aut 
773 0 8 |i In  |t European journal of criminology  |d London [u.a.] : Sage, 2004  |g 10(2013), 2, Seite [168]-186  |w (DE-627)378572970  |w (DE-600)2134760-8  |w (DE-576)109717155  |x 1477-3708  |7 nnas 
773 1 8 |g volume:10  |g year:2013  |g number:2  |g pages:[168]-186 
951 |a AR 
ELC |b 1 
LOK |0 000 xxxxxcx a22 zn 4500 
LOK |0 001 3283524068 
LOK |0 003 DE-627 
LOK |0 004 1631994093 
LOK |0 005 20250411102358 
LOK |0 008 130523||||||||||||||||ger||||||| 
LOK |0 040   |a DE-21-110  |c DE-627  |d DE-21-110 
LOK |0 689   |a s  |a Mobilität 
LOK |0 689   |a s  |a Serientäter 
LOK |0 689   |a s  |a Entdeckungsrisiko 
LOK |0 689   |a s  |a Polizeiliche Festnahme 
LOK |0 689   |a s  |a DNA-Analyse 
LOK |0 852   |a DE-21-110 
LOK |0 852 1  |m p  |9 00 
LOK |0 938   |k p 
LOK |0 939   |a 23-05-13  |b l01 
ORI |a SA-MARC-krimdoka001.raw